00846nam a2200241 4500003001100000005001700011008004100028020001500069040003900084041000800123082001500131100002300146130009500169245005100264260003800315300001800353490006000371650003100431650003000462942000700492952009000499999001500589LK-CoMWRAF20231211155228.0231211b2001 |||||||| |||| 00| 0 eng d a9555820082 aLK-CoMWRAFdLK-CoMWRAFeLK-CoMWRAF aeng a305.8bJAY aJayaweera, Stanley aA history of ethnic conflict in Sri Lanka: recollection, reinterpretation & reconciliation a The ethnic conflict and Sinhala consciousness aColombo:bMarga Institute, c2001 a12 p. ; 23 cm aMarga monograph series on ethnic reconciliation vno. 3 aEthnic conflict- Sri Lanka aGroup identity- Sri Lanka cBK 00104070aMAINbMAINd2023-12-11l0o305.8 JAYpRAF4521r2023-12-11w2023-12-11yBK c4347d4347